000 00795nam a2200229 a 4500
001 BRCA_921
005 20190320203216.0
008 140408s2003----sp-o---###---#000-0#spa-#
020 _a8489711992
041 _aspa
044 _asp
050 4 _aNK4890.G3
_b.A73 2003
100 1 _aArbeteta Mira, Letizia
_9224
245 1 0 _aEl arte de la joyería en la colección Lázaro Galdiano
_cLetizia Arbeteta Mira.
260 _aSegovia
_bFundación Lázaro Galdiano : Caja Segovia
_c2003
300 _a251 p.
_bil. a color, fotografías
_c30 cm.
504 _aBibliografía : p. 246-247
600 1 4 _aGaldiano, Lázaro
_d1862-1947
_xColecciones de arte
_93050
650 1 4 _aJoyería
_xColecciones privadas
_zSegovia (España)
_93051
650 1 4 _aJoyería
_xHistoria
_ySiglo XVI-XX
_93052
942 _2lcc
_cB
999 _c812
_d812